| 000 | 00636nam a2200205 a 4500 | ||
|---|---|---|---|
| 001 | 000012308 | ||
| 005 | 20240530073913.0 | ||
| 008 | 091111s1980 dr a 000 0 spa d | ||
| 040 |
_aDO-SdBNP _bspa _cBNPHU |
||
| 082 |
_aRD863.44 _bG491m, 1980 |
||
| 100 | 1 |
_aGimbernard, Jacinto Carlos, _d1931- _97741 |
|
| 245 | 1 | 0 |
_aMedalaganario / _cJacinto Carlos Gimbernard. |
| 250 | _a2a. ed. | ||
| 260 |
_aSanto Domingo : _bTaller, _c1980. |
||
| 300 |
_a174 p. : _bil. ; _c23 cm. |
||
| 590 | _aInventariado, 2020/VM | ||
| 650 | 0 |
_aNovela dominicana _9223 |
|
| 650 | 0 |
_aLiteratura dominicana. _967 |
|
| 910 | _aValidado. Control de calidad MMOLINA | ||
| 999 |
_c11965 _d11965 |
||